Loading...

Culture and power : a history of cultural studies

Bibliographic Details
Main Author: Mark Gibson
Format: Printed Book
Published: Newyork Berg 2007
Subjects:
LEADER 00564nam a22001697a 4500
020 |a 978 184520 117 3 
082 |a 306  |b MAR/C 
100 |a Mark Gibson 
245 |a Culture and power :  |b a history of cultural studies 
260 |a Newyork   |b Berg  |c 2007 
300 |a 228p. 
650 |a Culture Study and Teachings 
650 |a Power Social Science 
650 |a Social Science 
942 |c BK 
999 |c 53648  |d 53648 
952 |0 0  |1 0  |4 0  |6 306_000000000000000_MAR_C  |7 0  |9 77438  |a SSUS  |b SSUS  |c STACKS  |d 2015-06-03  |g 1867.36  |l 3  |o 306 MAR/C  |p 076226  |r 2017-01-17  |s 2016-05-02  |w 2015-06-03  |y BK